000 00556nam a2200181Ia 4500
005 20250423101203.0
008 250422s9999 xx 000 0 und d
020 _a0394543963
050 _aPS 3562 .L83/
100 _aLudlum, Robert
245 4 _aThe Bourne supremacy
260 _aFranklin Center
260 _bFranklin Library
260 _c1986
300 _a597 p
650 _aBourne, Jason (Fictitious character)--Fiction. Carlos, the Jackal--Fiction. United States. Central Intelligence Agency--Fiction. Terrorists--Fiction.
942 _cBK
999 _c35554
_d35554